000
00278nam a22001217a 4500
008
180122b xxu||||| |||| 00| 0 eng d
041
_a
eng
080
_a
32
100
_a
20
101
_a
POL
245
_a
THE WORLD ALMANAC AND BOOK OF FACTS
_c
LEE.T.SH
942
_2
udc
_c
BK
999
_c
40649
_d
40649